01028nam a2200217 a 450000100100000000500170001000800410002702000150006804000250008310000350010824500640014326000680020730000200027549000510029571000560034683000580040295201170046095201050057795201110068299900170079300004043320201002034127.0130823s2003 mx 000 0 spa d a9703204899 aDO-SdBNPbspacBNPHU1 aEsteva Ruiz, Roberto A.96672910aEspacio y tiempo ante el derecho /cRoberto A. Esteva Ruiz. aMéxico :bUniversidad Nacional Autónoma de México,c2003. a21 p. ;c21 cm.1 aLecturas jurídicasaestudios jurídicosv162 aUniversidad Nacional Autónoma de México,942447 0aLecturas jurídicaspestudios jurídicosv16966730 001052708MOaGRbGRcCTd2013-08-23iLF1l0o p40433-10r2020-06-25te. 3w2020-06-25y2ZPréstamo interno 001050718MOaGRbGRcCTd2013-08-23iLF1l0o p40433-20r2020-06-25w2020-06-25y1ZNo se presta 001050718MOaGRbGRcCTd2013-08-23iLF1l0o p40433-30r2020-06-25te. 2w2020-06-25y1ZNo se presta c39923d39923